• 首页
  • 本馆介绍
  • 公告通知
  • 最新文献
  • 馆藏检索
  • 电子资源
  • 读者导购
  • 参考咨询
  • 我的图书馆
  • 登录
  • 详细信息显示
  • 放入我的书架
  • 预约/预借图书
  • 作者相关作品
  • 分类相关作品
  • 丛书相关作品
  • 出版社相关作品

书目信息

  • 表格格式
  • 工作单格式
  • 卡片格式
题名:
黄土地区边坡冻融灾害发生机理研究
    
 
作者: 许健, , 栾桂涛 著
分册:  
出版信息: 北京   科学出版社  2018
页数: 182页
开本: 24cm
丛书名:
单 册:
中图分类: P642.22
科图分类:
主题词: 黄土区--huang tu qu--冻融作用--滑坡--发生机制--研究
电子资源:
ISBN: 978-7-03-054482-7
000 01415nam0 2200289 450
001 012001001469
005 20131108111751.0
010    @a978-7-03-054482-7@dCNY80.00
099    @aCAL 012018112945
100    @a20180706d2018 em y0chiy50 ea
101 0  @achi
102    @aCN@b110000
105    @aak a 000yy
106    @ar
200 1  @a黄土地区边坡冻融灾害发生机理研究@Ahuang tu di qu bian po dong rong zai hai fa sheng ji li yan jiu@f许健, 栾桂涛著
210    @a北京@c科学出版社@d2018
215    @a182页@c图@d24cm
300    @a国家自然科学基金面上项目 (项目批准号: 51478385) 国家自然科学基金青年科学基金项目 (项目批准号: 51208409) 资助
314    @a许健, 男, 1980年生, 西安建筑科技大学土木工程学院副教授、硕士生导师。
320    @a有书目
330    @a春季冻土融化, 导致黄土地区边坡冻融灾害频繁发生, 因对其机理性研究的不足, 目前对此尚不能进行定量分析和预测。基于此, 首先进行相关基础性研究, 结合温度监测、位移监测以及水分监测等方法现场动态监测黄土边坡冻融稳定性的变化规律; 确定经历冻融循环的黄土强度变化与各影响因素之间的定量关系, 确定经历冻融循环的黄土强度变化与实际边坡工程冻融灾害之间的联系, 确定黄土体在冻融过程中含水量的动态变化规律及量化分析方法
606 0  @a黄土区@Ahuang tu qu@x冻融作用@x滑坡@x发生机制@x研究
690    @aP642.22@v5
701  0 @a许健,@Axu jian@f1980-@4著
701  0 @a栾桂涛@Aluan gui tao@4著
801  0 @aCN@b北京卓展@c20191020
905    @b1198367-70@dP642.22@e112@f4
    
    黄土地区边坡冻融灾害发生机理研究/许健, 栾桂涛著.-北京:科学出版社,2018
    182页:图;24cm
    国家自然科学基金面上项目 (项目批准号: 51478385) 国家自然科学基金青年科学基金项目 (项目批准号: 51208409) 资助
    
    ISBN 978-7-03-054482-7:CNY80.00
    春季冻土融化, 导致黄土地区边坡冻融灾害频繁发生, 因对其机理性研究的不足, 目前对此尚不能进行定量分析和预测。基于此, 首先进行相关基础性研究, 结合温度监测、位移监测以及水分监测等方法现场动态监测黄土边坡冻融稳定性的变化规律; 确定经历冻融循环的黄土强度变化与各影响因素之间的定量关系, 确定经历冻融循环的黄土强度变化与实际边坡工程冻融灾害之间的联系, 确定黄土体在冻融过程中含水量的动态变化规律及量化分析方法
●
相关链接 在E读中查询图书 在五车中查询图书 在当当中查询图书 在豆瓣中查询图书


正题名:黄土地区边坡冻融灾害发生机理研究     索取号:P642.22/112         预约/预借

序号 登录号 条形码 馆藏地/架位号 状态 备注
1 1198367   211983674   第二样本阅览室/ [索取号:P642.22/112] 在馆    
2 1198368   211983683   第三借阅区/ [索取号:P642.22/112] 在馆    
3 1198369   211983692   第三借阅区/ [索取号:P642.22/112] 在馆    
4 1198370   211983709   第三借阅区/ [索取号:P642.22/112] 在馆    
唐山师范学院图书馆 欢迎您!
大连网信软件有限公司© 版权所有